00723nam a2200157Ia 4500008004100000100002500041245010900066245014900175260005300324260000900377300001100386650001500397856006100412999001900473952007300492170221s9999 xx 000 0 und d aGulzida F. Magadieva aStudents Virtual and Social Identity in the Process of Humanities Study: the Problems of its Correction  cGulzida F. Magadieva, Nazilya N. Melikhova, Vyacheslav T. Volov, Svetlana M. Konyushenko, Aygul A. Garipova, Irina V. Karpova, Elena V. Makarova bInternational Review of Management and Marketing c2016 a6 : 2S xMarketing. uhttp://www.econjournals.com/index.php/irmm/issue/view/71 c308493d308493 001040aCLbCLd2017-02-21l0r2017-02-21 00:00:00w2017-02-21yFOJ